Leader xxxxxxxxxx
001 __ PCLIS00044807
003 __ OCoLC
005 __ 20071205203200.0
008 __ 921006r19901986enk 000 0 eng
020 __ |a057114456X |c£4.99
020 __ |a9780571144570 (pbk.)
040 __ |aUKM|cUKM|dFYM|dECL|dOCLCQ|dBAKER|dYDXCP
043 __ |ae-uk-ni
050 00 |aPR6054.E923|bO97 1999
082 04 |a822.914|220
100 1_ |aMILAN KUNDERA|d
245 10 |aIMMORTALITY|b|c
260 __ |aLondon :|bFaber,|cc1990.
300 __ |a90 p. ;|b|c20 cm.
490 __ |a|v
500 __ |aThirteen men, 3 women.
650 _0 |aWomen|zNorthern Ireland|zBelfast|vDrama.
651 _0 |aNorthern Ireland|xHistory|y1969-1994|vDrama.
700 __ |e
949 __ |aTUL|dPR6054.E923|eO97|y1990|tLCC|c2731341tul|wt|xt|z050
|